[Event "IsBank TCh-TUR 2013"]
[Site "Denizli TUR"]
[Date "2013.07.06"]
[Round "8.2"]
[White "Gurevich,M"]
[Black "Can,E"]
[Result "1/2-1/2"]
[WhiteElo "2589"]
[BlackElo "2475"]

1.d4 Nf6 2.c4 e6 3.Nc3 d5 4.Bf4 Bb4 5.e3 c5 6.a3 Bxc3+ 7.bxc3 Nc6 8.Nf3 dxc4
9.Bxc4 Nd5 10.dxc5 Nxf4 11.Qxd8+ Kxd8 12.exf4 Bd7 13.O-O-O Ke7 14.f5 Na5
15.fxe6 fxe6 16.Ba2 Rhc8 17.Rhe1 Rxc5 18.Nd4 Nc4 19.Bxc4 Rxc4 20.Nf5+ Kf6
21.Rxd7 exf5 22.Kd2 Rac8 23.Re3 R4c7 24.Red3 Ke6 25.R3d6+ Ke5 26.Rd4 Ke6
27.R4d6+ Ke5 28.Rd3 Ke6 29.R3d6+ Ke5  1/2-1/2

[Event "IsBank TCh-TUR 2013"]
[Site "Denizli TUR"]
[Date "2013.07.06"]
[Round "9.2"]
[White "Baklan,V"]
[Black "Gurevich,M"]
[Result "1-0"]
[WhiteElo "2613"]
[BlackElo "2589"]

1.e4 e6 2.d4 d5 3.Nc3 Nf6 4.Bg5 dxe4 5.Nxe4 Nbd7 6.Nxf6+ Nxf6 7.Nf3 h6 8.Bh4 c5
9.c3 cxd4 10.Nxd4 Be7 11.Bd3 O-O 12.O-O Qb6 13.Qe2 Bd7 14.Rad1 Rfd8 15.Rfe1 Rac8
16.Bb1 Ba4 17.Rd3 Rd5 18.Re3 Rcd8 19.h3 Rxd4 20.cxd4 Rxd4 21.Bxf6 Bxf6 22.b3 Bb5
23.Bd3 Bd7 24.Bc4 Rd6 25.Rd3 Bd4 26.Kh1 Qc5 27.a4 a6 28.Rdd1 b5 29.axb5 axb5
30.Bd3 Bxf2 31.Rc1 Qb6 32.Rf1 Bd4 33.Qh5 f5 34.Be2 Qd8 35.Rfd1 e5 36.Qf3 Qg5
37.Qb7 Kh7 38.Bxb5 Be6 39.Bc4 Bxc4 40.Rxc4 Rb6 41.Qd5 Qf6 42.Rf1 h5 43.Rxd4 exd4
44.Rxf5 Qe6 45.Rxh5+ Kg6 46.Qg5+ Kf7 47.Qf4+ Kg8 48.Qxd4 Rxb3 49.Qd8+ Kf7
50.Qc7+ Kg8 51.Re5 Qf7 52.Re7 Rb1+ 53.Kh2 Qg6 54.Qd8+ Kh7 55.Re8 Qf5 56.Qh4+ Kg6
57.Re7 Rb3 58.Qd4 Qf6 59.Qe4+ Kg5 60.Re5+  1-0

[Event "IsBank TCh-TUR 2013"]
[Site "Denizli TUR"]
[Date "2013.07.07"]
[Round "10.2"]
[White "Gurevich,M"]
[Black "Odeev,H"]
[Result "1/2-1/2"]
[WhiteElo "2589"]
[BlackElo "2395"]

1.Nf3 Nf6 2.c4 g6 3.Nc3 d5 4.cxd5 Nxd5 5.Qb3 Nb6 6.d4 Bg7 7.Bf4 Be6 8.Qa3 O-O
9.e3 N8d7 10.Be2 c5 11.dxc5 Nc4 12.Qb4 a5 13.Qb5 Rc8 14.Nd4 Rxc5 15.Nxe6 fxe6
16.Qxb7 Nxb2 17.Ne4 Rc2 18.Qb3 Qc8 19.Bb5 Rc1+ 20.Rxc1 Qxc1+ 21.Ke2 Qxh1
22.Bxd7 a4 23.Qc2 Qxg2 24.Bxe6+ Kh8 25.Ng5 Qb7 26.Nf7+ Rxf7 27.Bxf7 e5 28.Bg3 e4
29.Be8 Qa6+ 30.Ke1 Nd3+ 31.Kd1 Nb2+ 32.Ke1 Nd3+ 33.Kd1 Nb2+ 34.Kd2 Qa5+ 35.Ke2 Qa6+
36.Ke1 Nd3+ 37.Kd1 Nb2+  1/2-1/2

[Event "IsBank TCh-TUR 2013"]
[Site "Denizli TUR"]
[Date "2013.07.08"]
[Round "11.2"]
[White "Agamaliev,G"]
[Black "Gurevich,M"]
[Result "0-1"]
[WhiteElo "2512"]
[BlackElo "2589"]

1.d4 d5 2.c4 c6 3.Nf3 Nf6 4.cxd5 cxd5 5.Nc3 Nc6 6.Bf4 a6 7.e3 Bg4 8.Bd3 e6
9.h3 Bh5 10.O-O Be7 11.Rc1 O-O 12.a3 Rc8 13.Be2 Nd7 14.Ne1 Bxe2 15.Qxe2 Na5
16.Nd3 Nb3 17.Rc2 Rc4 18.Qg4 Re8 19.Rb1 Bf6 20.Nc1 Na5 21.Qd1 Rc6 22.Nd3 Be7
23.Na2 Qa8 24.Rxc6 Nxc6 25.Rc1 Rc8 26.Nc3 b5 27.b4 Nb6 28.a4 Nxb4 29.axb5 Nxd3
30.Qxd3 a5 31.Ra1 Rc4 32.Nd1 h6 33.Nb2 Rb4 34.Qe2 a4 35.Bc7 Nc4 36.Nxc4 dxc4
37.b6 a3 38.e4 Qa4 39.d5 exd5 40.exd5 Bf6 41.Qg4 Rxb6 42.Qc8+ Kh7 43.d6 Bxa1
44.Qf5+ g6 45.Qxf7+ Bg7 46.d7 Qd1+ 47.Kh2 Rd6  0-1

[Event "IsBank TCh-TUR 2013"]
[Site "Denizli TUR"]
[Date "2013.07.09"]
[Round "12.2"]
[White "Gurevich,M"]
[Black "Benidze,D"]
[Result "1-0"]
[WhiteElo "2589"]
[BlackElo "2495"]

1.d4 Nf6 2.c4 e6 3.Nc3 d5 4.Bg5 Be7 5.e3 h6 6.Bh4 O-O 7.Nf3 Ne4 8.Bxe7 Qxe7
9.Rc1 c6 10.Bd3 Nxc3 11.Rxc3 Nd7 12.Qc2 dxc4 13.Bxc4 b6 14.Bd3 c5 15.Bh7+ Kh8
16.Be4 Rb8 17.O-O Nf6 18.dxc5 bxc5 19.b3 Nxe4 20.Qxe4 Bb7 21.Qe5 Rbc8 22.Rfc1 Rfd8
23.e4 f6 24.Qf4 e5 25.Qe3 Rd4 26.Nh4 Kh7 27.Nf5 Qf8 28.f3 g6 29.Ng3 Qd6 30.h4 h5
31.Nh1 a5 32.Nf2 Ba6 33.R1c2 c4 34.Qc1 Rc5 35.Kh2 cxb3 36.Rxc5 bxc2 37.Rxc2 Bb5
38.Rc5 Bd7 39.Rxa5 Rd2 40.Qe1 Be6 41.Qe3 Qd4 42.Ra7+ Bd7 43.Qxd4 Rxd4 44.a4 Kg8
45.a5 Kf8 46.a6 Ke8 47.Rb7  1-0

[Event "Cappelle-la-Grande Open 2014"]
[Site "Cappelle-la-Grande FRA"]
[Date "2014.03.02"]
[Round "2.14"]
[White "Gurevich,M"]
[Black "Kohlweyer,B"]
[Result "1/2-1/2"]
[WhiteElo "2574"]
[BlackElo "2416"]

1.d4 Nf6 2.c4 e6 3.Nc3 Bb4 4.e3 O-O 5.Ne2 Re8 6.a3 Bf8 7.d5 a5 8.Ng3 Na6
9.Be2 exd5 10.cxd5 Nc5 11.O-O c6 12.Bf3 a4 13.Rb1 cxd5 14.Nxd5 d6 15.Bd2 Nxd5
16.Bxd5 g6 17.Bc3 Bg7 18.Bxg7 Kxg7 19.Qd4+ Qf6 20.Rfd1 Ra6 21.Qb4 Be6 22.Ne4 Nxe4
23.Bxe4 Bb3 24.Rd4 d5 25.Bxd5 Rb6 26.Qd2 Bxd5 27.Rxd5 Re5 28.Rd4 Reb5 29.h4 h5
30.Rf4 Rxb2 31.Rxb2 Qxb2 32.Qxb2+ Rxb2 33.Rxa4 Ra2 34.g3 b5 35.Ra5 Rb2 36.Kg2 b4
37.axb4 Rxb4 38.Ra6 Rb2 39.Kf3 Rc2 40.Rd6 Ra2 41.e4 Rb2 42.Ke3 Ra2 43.f3 Rb2
44.Kf4 Rf2 45.Rd7 Rf1 46.g4 hxg4 47.Kxg4 Rg1+ 48.Kh3 Re1 49.Kg2 Re2+ 50.Kg3 Re1
51.Rd5 Kf6 52.h5 gxh5 53.Rxh5 Re3 54.Kf4 Ra3 55.Rh6+ Ke7 56.Rb6 Rc3 57.Kg4 Re3
58.Ra6 Kd7 59.Kf4 Rb3 60.e5 Ke7 61.Ke4 Rb1 62.Kf5 Rf1 63.Ra3 Rf2 64.f4 Rf1
65.Ra2 Rf3 66.Ke4 Rb3 67.Ra7+ Ke8 68.f5 Rb4+ 69.Ke3 Rh4 70.f6 Rb4 71.Re7+ Kf8
72.Rd7 Ke8 73.Rd4 Rb1 74.Ke4 Re1+ 75.Kf5 Rf1+ 76.Kg5 Rg1+ 77.Rg4 Rh1 78.Rb4 Rg1+
79.Kf5 Rf1+ 80.Ke4 Re1+ 81.Kd5 Rd1+ 82.Kc6 Rc1+ 83.Kd5 Rd1+ 84.Kc5 Rc1+ 85.Rc4 Rd1
86.Kc6 Rd2 87.Rc1 Re2 88.Rc5 Rd2 89.Kc7 Rd1 90.Rc2 Rd3 91.Rb2 Rc3+ 92.Kd6 Rd3+
93.Kc6 Rc3+ 94.Kd5 Rc1 95.Rb8+ Kd7 96.Rb7+ Ke8 97.Re7+ Kf8 98.Kd6 Rd1+ 99.Kc7 Rc1+
100.Kd8 Rd1+ 101.Rd7 Rc1 102.Rd5 Rc2 103.Kd7 Rc1 104.Rb5 Rd1+ 105.Kc7 Rc1+
106.Kd6 Rd1+ 107.Rd5 Ra1 108.Kc7 Rc1+ 109.Kd7 Ra1 110.Rd2 Rb1 111.Rd3 Ra1
112.Rd4 Rb1 113.Rd5 Ra1 114.Rd6 Rb1 115.Ra6 Rd1+ 116.Kc7 Rc1+ 117.Rc6 Rd1
118.Ra6 Rc1+ 119.Kd7 Rd1+ 120.Rd6 Ra1 121.Rd3 Rb1  1/2-1/2